Periodic Table of Elements - Hard Version - Statistics

General Stats
  • This quiz has been taken 451 times
  • The average score is 80 of 118
Answer Stats
# Symbol Element % Correct
1 H Hydrogen
98%
2 He Helium
97%
8 O Oxygen
96%
6 C Carbon
93%
3 Li Lithium
92%
4 Be Beryllium
91%
10 Ne Neon
91%
7 N Nitrogen
90%
79 Au Gold
89%
26 Fe Iron
89%
18 Ar Argon
88%
12 Mg Magnesium
88%
5 B Boron
87%
19 K Potassium
87%
9 F Fluorine
86%
47 Ag Silver
86%
29 Cu Copper
85%
54 Xe Xenon
85%
92 U Uranium
84%
11 Na Sodium
83%
36 Kr Krypton
82%
13 Al Aluminium
81%
17 Cl Chlorine
81%
87 Fr Francium
81%
32 Ge Germanium
81%
86 Rn Radon
81%
33 As Arsenic
80%
20 Ca Calcium
80%
53 I Iodine
80%
80 Hg Mercury
80%
30 Zn Zinc
79%
27 Co Cobalt
78%
99 Es Einsteinium
78%
82 Pb Lead
78%
15 P Phosphorus
78%
94 Pu Plutonium
78%
14 Si Silicon
78%
16 S Sulfur
78%
50 Sn Tin
78%
98 Cf Californium
77%
25 Mn Manganese
77%
88 Ra Radium
76%
28 Ni Nickel
75%
23 V Vanadium
75%
35 Br Bromine
74%
55 Cs Caesium
74%
31 Ga Gallium
74%
78 Pt Platinum
73%
22 Ti Titanium
73%
34 Se Selenium
72%
74 W Tungsten
72%
24 Cr Chromium
71%
96 Cm Curium
71%
39 Y Yttrium
71%
56 Ba Barium
69%
93 Np Neptunium
69%
46 Pd Palladium
69%
40 Zr Zirconium
69%
95 Am Americium
68%
49 In Indium
68%
77 Ir Iridium
67%
84 Po Polonium
67%
21 Sc Scandium
67%
51 Sb Antimony
65%
83 Bi Bismuth
65%
37 Rb Rubidium
65%
38 Sr Strontium
65%
90 Th Thorium
65%
104 Rf Rutherfordium
64%
70 Yb Ytterbium
64%
85 At Astatine
63%
48 Cd Cadmium
63%
76 Os Osmium
63%
81 Tl Thallium
63%
63 Eu Europium
62%
89 Ac Actinium
61%
72 Hf Hafnium
61%
42 Mo Molybdenum
61%
57 La Lanthanum
60%
118 Og Oganesson
60%
45 Rh Rhodium
59%
107 Bh Bohrium
58%
117 Ts Tennessine
58%
68 Er Erbium
57%
44 Ru Ruthenium
57%
52 Te Tellurium
57%
58 Ce Cerium
56%
101 Md Mendelevium
56%
64 Gd Gadolinium
55%
67 Ho Holmium
55%
103 Lr Lawrencium
55%
75 Re Rhenium
55%
43 Tc Technetium
55%
97 Bk Berkelium
54%
41 Nb Niobium
53%
69 Tm Thulium
53%
102 No Nobelium
52%
110 Ds Darmstadtium
51%
105 Db Dubnium
51%
115 Mc Moscovium
51%
60 Nd Neodymium
51%
106 Sg Seaborgium
51%
66 Dy Dysprosium
50%
100 Fm Fermium
50%
73 Ta Tantalum
50%
116 Lv Livermorium
49%
59 Pr Praseodymium
49%
61 Pm Promethium
49%
91 Pa Protactinium
48%
62 Sm Samarium
48%
65 Tb Terbium
48%
114 Fl Flerovium
47%
71 Lu Lutetium
47%
113 Nh Nihonium
47%
111 Rg Roentgenium
46%
112 Cn Copernicium
45%
108 Hs Hassium
45%
109 Mt Meitnerium
44%
No matching quizzes found
Score Distribution
Percent of People with Each Score
Percentile by Number Answered
Your Score History
You have not taken this quiz